000 00653nam a2200241 i 4500
001 C2-0226218
003 PPAK
005 20180728154103.0
008 000619s1993 ph |||| ||||| | eng d
020 _a9718845046
040 _aPPAK
_beng
_cPPAK
_erda
082 0 4 _a899.211
_223
090 0 0 _a899.211
_bJOS
_dKIH
100 1 _aJose, F. Sionil,
_eauthor
245 1 0 _aViajero :
_ba Filipino novel
264 1 _aManila :
_bSolidaridad Publishing House ,
_c1993
300 _a278 pages ;
_c22 cm
336 _2rdacontent
_atext
337 _2rdamedia
_aunmediated
338 _2rdacarrier
_avolume
650 1 0 _aFilipino fiction
942 _ddc
_cB
999 _c146633
_d146633